Verdad reflexa,práctica doctrinal sobre los varios sucesos que intervinieron en la Cd. de San Luis Potosí ...

Detalles Bibliográficos
Autor principal: ESCOBAR, Manuel de
Formato: Libro
Publicado: s.l. 1768
Materias:
Colección:Banco de datos
Acervo:Biblioteca del Ex Convento de Nuestra Señora de Guadalupe. Zacatecas
Tema general:Historia Civil
Notas:Buena. XII,2,3 (3976)
LEADER 00732nam a22001930004500
035 |a 44796 
036 |a 5980 
100 1 |a ESCOBAR, Manuel de 
245 1 0 |a Verdad reflexa,práctica doctrinal sobre los varios sucesos que intervinieron en la Cd. de San Luis Potosí ... 
260 |a s.l.  |b imp. José Antonio de Hogal  |c 1768 
500 |a Buena. XII,2,3 (3976) 
650 1 0 |a Historia Civil 
949 |a CRZ-CG 
959 |a Ex convento de Nuestra Señora de Guadalupe, Museo Regional de Zacatecas, Zacatecas  |b CCC4 
960 |a Convento de Nuestra Señora de Guadalupe, Zacatecas  |b DD87 
961 |a Franciscana  |b OF 
942 |c CRZ-CG 
943 |g Biblioteca del Ex Convento de Nuestra Señora de Guadalupe. Zacatecas 
999 |c 968923  |d 968923